00451 2200169 4500001002100000005001500021035002000036245008100056100001500137250001700152300002900169260002900198082000800227084001400235020002200249650001000271INLIS00000000000098420250322083902 a0010-03250000801 aTrik-Trik Sains untuk Pemula :bPercobaan-Percobaan yang Ajaib /cTim Nuansa0 aTim Nuansa acetakan ke-1 a104 hlm :bilus ;c21 cm aBandung :bNuansa,c2007 a500 a500 TIM t a978-979-136-200-9 4aSains